Normal view MARC view

Entry Personal Name

Number of records used in: 1

001 - CONTROL NUMBER

  • control field: 9664

003 - CONTROL NUMBER IDENTIFIER

  • control field: DLC

005 - DATE AND TIME OF LATEST TRANSACTION

  • control field: 20231004162009.0

008 - FIXED-LENGTH DATA ELEMENTS

  • fixed length control field: 071015n| azannaabn |n aaa

010 ## - LIBRARY OF CONGRESS CONTROL NUMBER

  • LC control number: nb2007023429

035 ## - SYSTEM CONTROL NUMBER

  • System control number: (OCoLC)oca07553845

040 ## - CATALOGING SOURCE

  • Original cataloging agency: Uk
  • Language of cataloging: eng
  • Description conventions: rda
  • Transcribing agency: Uk
  • Modifying agency: DLC
  • Modifying agency: IlMpPL

046 ## - SPECIAL CODED DATES

  • Birth date: 19760719

053 #0 - LC CLASSIFICATION NUMBER

  • Classification number element--single number or beginning number of span: PR9619.4.M74

100 1# - HEADING--PERSONAL NAME

  • Personal name: Morton, Kate,
  • Dates associated with a name: 1976-

374 ## - OCCUPATION

  • Occupation: Novelists
  • Source of term: lcsh

375 ## - GENDER

  • Gender: female

377 ## - ASSOCIATED LANGUAGE

  • Language code: eng

670 ## - SOURCE DATA FOUND

  • Source citation: The house at Riverton, 2007:
  • Information found: t.p. (Kate Morton)

670 ## - SOURCE DATA FOUND

  • Source citation: ANB, 15 Oct. 2007
  • Information found: (hdg.: Morton, Kate, 1976-)

670 ## - SOURCE DATA FOUND

  • Source citation: The house at Riverton, 2008:
  • Information found: ECIP t.p. (Kate Morton)

670 ## - SOURCE DATA FOUND

  • Source citation: Email from pub. Feb. 19, 2008
  • Information found: (b. July 19, 1976; Australian; The house at Riverton (originally published in Australia as The shifting fog) is her first novel)

Powered by Koha